[Event "PRO League Stage"]
[Site "Chess.com INT"]
[Date "2017.02.22"]
[Round "7"]
[White "Harmon Vellotti, Luke"]
[Black "Kiewra, Keaton F"]
[Result "0-1"]
[WhiteElo "2454"]
[BlackElo "2429"]
[PlyCount "96"]
[EventDate "2017.01.11"]
[EventType "team-swiss (rapid)"]
[EventRounds "7"]
[EventCountry "USA"]
[SourceTitle "EXT 2018"]
[Source "ChessBase"]
[SourceDate "2017.10.13"]
[SourceVersion "1"]
[SourceVersionDate "2017.10.13"]
[SourceQuality "1"]
[WhiteTeam "Dallas Destiny"]
[BlackTeam "San Diego Surfers"]
[WhiteTeamCountry "USA"]
[BlackTeamCountry "USA"]

1. e4 c5 2. Nf3 e6 3. d4 cxd4 4. Nxd4 Nc6 5. Nb5 d6 6. Bf4 e5 7. Be3 a6 8. N5c3 Nf6 9. Bg5 Be7 10. Bxf6 Bxf6 11. Nd5 0-0 12. c3 Bg5 13. Na3 f5 14. exf5 Bxf5 15. Be2 Kh8 16. 0-0 b5 17. Nc2 Rb8 18. Nce3 Be6 19. Bf3 Na5 20. b4 Bxe3 21. Nxe3 Nc4 22. Nxc4 Bxc4 23. Re1 Qf6 24. Qd2 d5 25. Bd1 Rbd8 26. Bc2 Rf7 27. Re3 Qh6 28. Qe1 e4 29. Bb3 Rdf8 30. Bxc4 bxc4 31. Re2 Rf5 32. Rd1 Qf6 33. a4 h6 34. Qd2 Rf3 35. h3 Rd3 36. Qe1 Qg5 37. Kh1 Qh5 38. Kg1 Rf5 39. Rxd3 cxd3 40. Re3 Qg5 41. Qd2 Rf8 42. Qb2 Rc8 43. b5 axb5 44. axb5 Qf6 45. b6 Rb8 46. Qb5 Qxb6 47. Qxd5 Rd8 48. Qh5 Qb1+ 0-1

[Event "Southwest Class-ch 8th"]
[Site "Fort Worth"]
[Date "2017.02.19"]
[Round "7"]
[White "Harmon Vellotti, Luke"]
[Black "Lederer, Yoav"]
[Result "1/2-1/2"]
[WhiteElo "2454"]
[BlackElo "2317"]
[PlyCount "48"]
[EventDate "2017.02.16"]
[EventType "swiss"]
[EventRounds "9"]
[EventCountry "USA"]
[SourceTitle "EXT 2018"]
[Source "ChessBase"]
[SourceDate "2017.10.13"]
[SourceVersion "1"]
[SourceVersionDate "2017.10.13"]
[SourceQuality "1"]

1. e4 c5 2. Nf3 e6 3. d4 cxd4 4. Nxd4 a6 5. Bd3 Nf6 6. 0-0 Qc7 7. c4 Nc6 8. Nxc6 dxc6 9. Be3 e5 10. h3 Nd7 11. Nc3 Bc5 12. Bd2 0-0 13. Qf3 a5 14. Rab1 Qd6 15. Rfd1 Qe7 16. Na4 Bd4 17. a3 Nb6 18. Nxb6 Bxb6 19. b4 axb4 20. axb4 Bd4 21. c5 Be6 22. Qe2 Qh4 23. Be3 Rfd8 24. Bc2 Bxe3 1/2-1/2

[Event "Southwest Class-ch 8th"]
[Site "Fort Worth"]
[Date "2017.02.18"]
[Round "4"]
[White "Griffith, Kyron"]
[Black "Harmon Vellotti, Luke"]
[Result "0-1"]
[WhiteElo "2312"]
[BlackElo "2454"]
[PlyCount "80"]
[EventDate "2017.02.16"]
[EventType "swiss"]
[EventRounds "9"]
[EventCountry "USA"]
[SourceTitle "EXT 2018"]
[Source "ChessBase"]
[SourceDate "2017.10.13"]
[SourceVersion "1"]
[SourceVersionDate "2017.10.13"]
[SourceQuality "1"]

1. e4 e6 2. d4 d5 3. Nd2 c5 4. Ngf3 Nc6 5. exd5 exd5 6. Bb5 Bd6 7. dxc5 Bxc5 8. 0-0 Nge7 9. Nb3 Bd6 10. h3 0-0 11. c3 f6 12. Re1 Ne5 13. Be3 Qc7 14. Nbd4 a6 15. Bf1 Bd7 16. Rc1 b5 17. b3 Rfd8 18. Qd2 Rac8 19. Kh1 Re8 20. Be2 Kh8 21. Nh4 Qb8 22. f4 N5g6 23. Nxg6+ Nxg6 24. f5 Ne5 25. a4 bxa4 26. bxa4 Nc4 27. Bxc4 Rxc4 28. a5 Qc7 29. Nb3 Rce4 30. Bf2 Qc4 31. Rxe4 Rxe4 32. Qd1 Ba4 33. Rb1 Re2 34. Bg1 h6 35. Qf1 Bxb3 36. Rxb3 Rc2 37. Qxc4 dxc4 38. Rb6 Bg3 39. Rb1 Rxc3 40. Bc5 Rd3 0-1

[Event "Southwest Class-ch 8th"]
[Site "Fort Worth"]
[Date "2017.02.17"]
[Round "2"]
[White "Li, Ruifeng"]
[Black "Harmon Vellotti, Luke"]
[Result "1-0"]
[WhiteElo "2561"]
[BlackElo "2454"]
[PlyCount "53"]
[EventDate "2017.02.16"]
[EventType "swiss"]
[EventRounds "9"]
[EventCountry "USA"]
[SourceTitle "EXT 2018"]
[Source "ChessBase"]
[SourceDate "2017.10.13"]
[SourceVersion "1"]
[SourceVersionDate "2017.10.13"]
[SourceQuality "1"]

1. e4 e6 2. d4 d5 3. Nc3 Bb4 4. e5 c5 5. a3 Bxc3+ 6. bxc3 Ne7 7. Qg4 Qc7 8. Qxg7 Rg8 9. Qxh7 cxd4 10. Ne2 Nbc6 11. f4 dxc3 12. h4 d4 13. h5 b6 14. h6 Kf8 15. Qd3 Bb7 16. Rh5 Qd8 17. Ng3 Qd5 18. h7 Rh8 19. f5 Ke8 20. Bg5 Nxe5 21. Qb5+ Bc6 22. Qe2 d3 23. cxd3 c2 24. Bf6 Qc5 25. Qxe5 c1Q+ 26. Rxc1 Qxc1+ 27. Kf2 1-0

[Event "PRO League Pacific"]
[Site "Chess.com INT"]
[Date "2017.01.18"]
[Round "2"]
[White "Belous, Vladimir"]
[Black "Harmon Vellotti, Luke"]
[Result "1-0"]
[WhiteElo "2564"]
[BlackElo "2454"]
[PlyCount "65"]
[EventDate "2017.01.11"]
[EventType "team-swiss (rapid)"]
[EventRounds "7"]
[EventCountry "USA"]
[SourceTitle "CBM 176 Extra"]
[Source "ChessBase"]
[SourceDate "2017.03.02"]
[SourceVersion "1"]
[SourceVersionDate "2017.03.02"]
[SourceQuality "1"]
[WhiteTeam "Rio Grande Ospreys"]
[BlackTeam "Dallas Destiny"]
[WhiteTeamCountry "USA"]
[BlackTeamCountry "USA"]

1. c4 e5 2. Nc3 Nc6 3. g3 g6 4. Bg2 Bg7 5. Nf3 d6 6. 0-0 f5 7. d3 Nf6 8. Rb1 0-0 9. b4 Ne7 10. c5 h6 11. Qb3+ Kh7 12. a4 g5 13. b5 g4 14. cxd6 cxd6 15. Nd2 d5 16. Ba3 d4 17. Na2 Re8 18. Nc4 Be6 19. Bxb7 Rb8 20. Bg2 f4 21. Nb4 h5 22. Na6 Rc8 23. Nc5 Rxc5 24. Bxc5 h4 25. Bxe7 Rxe7 26. Qb4 Nh5 27. Qd6 Qe8 28. Bc6 Bd7 29. Be4+ Kh8 30. Bg6 Qd8 31. Bxh5 Re6 32. Qd5 Rh6 33. Bxg4 1-0

[Event "USA-ch U20"]
[Site "Saint Louis"]
[Date "2016.07.16"]
[Round "8"]
[White "Harmon Vellotti, Luke"]
[Black "Bodek, Michael H"]
[Result "1/2-1/2"]
[WhiteElo "2434"]
[BlackElo "2408"]
[PlyCount "80"]
[EventDate "2016.07.08"]
[EventType "tourn"]
[EventRounds "9"]
[EventCountry "USA"]
[EventCategory "9"]
[SourceTitle "CBM 173 Extra"]
[Source "ChessBase"]
[SourceDate "2016.08.29"]
[SourceVersion "1"]
[SourceVersionDate "2016.08.29"]
[SourceQuality "1"]

1. e4 c5 2. Nf3 d6 3. d4 cxd4 4. Nxd4 Nf6 5. Nc3 g6 6. Be3 Bg7 7. f3 0-0 8. Qd2 Nc6 9. 0-0-0 d5 10. Qe1 e5 11. Nxc6 bxc6 12. exd5 Nxd5 13. Bc4 Be6 14. Kb1 Re8 15. Ne4 Qc7 16. Bc5 Nf4 17. Bxe6 Nxe6 18. Bd6 Qb6 19. g4 Rad8 20. g5 Nd4 21. h4 Rxd6 22. Nxd6 Rb8 23. b3 Qc5 24. c3 Qxd6 25. cxd4 exd4 26. Rd3 c5 27. Ka1 Qa6 28. Qd2 c4 29. bxc4 Qxc4 30. Rc1 Qe6 31. Qf4 Re8 32. Qe4 Qd7 33. Qc6 Qe7 34. Qe4 Qd7 35. Qc6 Qe7 36. Qc7 Qe2 37. Qc2 Qe5 38. Qc5 Qe2 39. Qc2 Qe5 40. Qc5 Qe2 1/2-1/2